000 00230nam a22000857a 4500
008 170626b xxu||||| |||| 00| 0 eng d
100 _93704
_aKumar. V
245 _aBiology Question Bank- XII
260 _aNew Delhi
_bTata Publication
_c2009
999 _c7125
_d7125